MARC

LEADER 00000nam0a2200000 4500
001 261330
005 20231101233545.0
010 |a 5274001602 
035 |a (RuTPU)RU\TPU\book\284306 
090 |a 261330 
100 |a 20140522d1988 k y0rusy50 ca 
101 0 |a rus 
102 |a RU 
105 |a a z 001zy 
200 1 |a Бетоны с добавкой ацетоноформальдегидных смол  |f М. К. Тахиров 
210 |a Москва  |c Стройиздат  |d 1988 
215 |a 103 с.  |c ил. 
225 1 |a Наука - строительному производству 
320 |a Библиогр.: с. 98-102. 
606 1 |a Бетон  |x Структура  |2 stltpush  |3 (RuTPU)RU\TPU\subj\35442  |9 57120 
610 1 |a технология 
610 1 |a интенсификация 
610 1 |a добавки 
610 1 |a полимербетоны 
610 1 |a производство 
675 |a 666.972  |v 3 
700 1 |a Тахиров  |b М. К.  |g Мухамедимин Кабулович 
801 1 |a RU  |b 63413507  |c 20140522 
801 2 |a RU  |b 63413507  |c 20150326  |g RCR 
942 |c BK